Marlowe, Tamburlaine, and magic /

Bibliographic Details
Main Author: Howe, James, 1935-
Format: Book
Language:English
Published: Athens : Ohio University Press, [1976]
Subjects:

MARC

Tag First Indicator Second Indicator Subfields
LEADER 00000cam a2200000 i 4500
001 in00000599080
005 20151014102322.0
008 760904s1976 ohu b 00010 eng
010 |a  75036978  
020 |a 0821402005 :  |c $11.00 
035 |a (OCoLC)02464119 
035 |9 ACR6105AM 
040 |a DLC  |c DLC  |d TXA  |d UtOrBLW 
049 |a TXAM  |c [1359484] 
050 0 0 |a PR2669  |b .H6 
082 0 |a 822/.3 
100 1 |a Howe, James,  |d 1935- 
245 1 0 |a Marlowe, Tamburlaine, and magic /  |c by James Robinson Howe. 
264 1 |a Athens :  |b Ohio University Press,  |c [1976] 
264 4 |c ©1976 
300 |a 214 pages ;  |c 22 cm. 
336 |a text  |b txt  |2 rdacontent 
337 |a unmediated  |b n  |2 rdamedia 
338 |a volume  |b nc  |2 rdacarrier 
504 |a Bibliography: pages 209-214. 
600 1 0 |a Marlowe, Christopher,  |d 1564-1593.  |t Tamburlaine the Great. 
650 0 |a Occultism in literature. 
999 |a MARS 
999 f f |s 408b4a8d-2741-3f29-84cc-a14286a1b483  |i 7a731032-abc7-30c4-89af-40729951e93a  |t 0 
952 f f |p ric  |a Texas A&M University  |b Rellis Campus  |c Joint Library Facility  |d Remote Storage  |t 0  |e PR2669 .H6  |h Library of Congress classification  |i unmediated -- volume  |m A14803891805 
998 f f |a PR2669 .H6  |t 0  |l Remote Storage